2. Bundesliga Stadien - Statistiken

Allgemein
  • Dieses Quiz wurde 38 mal gespielt
  • Das Durchschnittsergebnis liegt bei 10 aus 18
Antwortstatistiken
Stadion Verein % Korrekt
Eintracht Stadion Eintracht Braunschweig
89%
Fritz-Walter Stadion 1. FC Kaiserslautern
82%
Olympiastadion Hertha BSC
82%
Holstein Stadion Holstein Kiel
82%
Max Morlock Stadion 1. FC Nürnburg
75%
Preußenstadion Preußen Münster
75%
Merkur Spiel Arena Fortuna Düsseldorf
71%
SchücoArena Arminia Bielefeld
57%
Heinz von Heiden Arena Hannover 96
57%
Avnet Arena 1. FC Magdeburg
50%
Rudolf-Harbig Stadion Dynamo Dresden
50%
Home Deluxe Arena SC Paderborn 07
50%
Ruhrstadion VFL Bochum
46%
Veltins Arena FC Schalke 0
36%
Wildparkstadion Karlsruher SC
32%
Sportpark Rohnhof SpVgg Greuther Fürth
32%
Merck Stadion am Bölenfalltor SV Darmstadt 98
32%
Waldstadion Kaiserlinde SV Elversberg
21%
Keine übereinstimmenden Quizze gefunden
Verteilung der Resultate
Anzahl Personen mit jedem Resultat
Perzentil nach korrekt beantworteten Fragen
Ihre Resultats-Entwicklung
Sie haben dieses Quiz noch nicht gespielt